<?xml version="1.0" encoding="UTF-8"?>
<record
    xmlns:xsi="http://www.w3.org/2001/XMLSchema-instance"
    xsi:schemaLocation="http://www.loc.gov/MARC21/slim http://www.loc.gov/standards/marcxml/schema/MARC21slim.xsd"
    xmlns="http://www.loc.gov/MARC21/slim">

  <leader>01730nam a22002177a 4500</leader>
  <controlfield tag="005">20260116110515.0</controlfield>
  <controlfield tag="008">260114b        |||||||| |||| 00| 0 eng d</controlfield>
  <datafield tag="040" ind1=" " ind2=" ">
    <subfield code="c">AL</subfield>
  </datafield>
  <datafield tag="041" ind1=" " ind2=" ">
    <subfield code="a">Kannada</subfield>
  </datafield>
  <datafield tag="082" ind1=" " ind2=" ">
    <subfield code="a">K894.3</subfield>
    <subfield code="b">RAVH</subfield>
  </datafield>
  <datafield tag="100" ind1=" " ind2=" ">
    <subfield code="a">Ravi belagere </subfield>
    <subfield code="9">251419</subfield>
  </datafield>
  <datafield tag="100" ind1=" " ind2=" ">
    <subfield code="d">&#xCB0;&#xCB5;&#xCBF; &#xCAC;&#xCC6;&#xCB3;&#xC97;&#xCC6;&#xCB0;&#xCC6;</subfield>
    <subfield code="9">251290</subfield>
  </datafield>
  <datafield tag="245" ind1=" " ind2=" ">
    <subfield code="a">Heli hogu kaarana </subfield>
    <subfield code="b">&#xCB9;&#xCC7;&#xCB3;&#xCBF; &#xCB9;&#xCCB;&#xC97;&#xCC1; &#xC95;&#xCBE;&#xCB0;&#xCA3;</subfield>
  </datafield>
  <datafield tag="260" ind1=" " ind2=" ">
    <subfield code="a">Bengaluru</subfield>
    <subfield code="b">Bhavana prakashana</subfield>
    <subfield code="c">2025</subfield>
  </datafield>
  <datafield tag="300" ind1=" " ind2=" ">
    <subfield code="a">339 p.</subfield>
    <subfield code="b">PB</subfield>
    <subfield code="c">21x14 cm.</subfield>
  </datafield>
  <datafield tag="365" ind1=" " ind2=" ">
    <subfield code="a">KSCR-000703</subfield>
    <subfield code="b">&#x20B9;280.00</subfield>
    <subfield code="c">&#x20B9;</subfield>
    <subfield code="d">&#x20B9;350.00</subfield>
    <subfield code="e">20%</subfield>
    <subfield code="f">13-01-2026</subfield>
  </datafield>
  <datafield tag="520" ind1=" " ind2=" ">
    <subfield code="a">'&#xCB9;&#xCC7;&#xCB3;&#xCBF; &#xCB9;&#xCCB;&#xC97;&#xCC1; &#xC95;&#xCBE;&#xCB0;&#xCA3;' (Heli Hogu Kaarana) &#xCB0;&#xCB5;&#xCBF; &#xCAC;&#xCC6;&#xCB3;&#xC97;&#xCC6;&#xCB0;&#xCC6;&#xCAF;&#xCB5;&#xCB0; &#xC9C;&#xCA8;&#xCAA;&#xCCD;&#xCB0;&#xCBF;&#xCAF; &#xC95;&#xCBE;&#xCA6;&#xC82;&#xCAC;&#xCB0;&#xCBF;&#xCAF;&#xCBE;&#xC97;&#xCBF;&#xCA6;&#xCCD;&#xCA6;&#xCC1;, &#xC87;&#xCA6;&#xCC1; &#xCAA;&#xCCD;&#xCB0;&#xCC0;&#xCA4;&#xCBF;, &#xCAE;&#xCCB;&#xCB8;, &#xCA8;&#xC82;&#xCAC;&#xCBF;&#xC95;&#xCC6; &#xCAE;&#xCA4;&#xCCD;&#xCA4;&#xCC1; &#xCAF;&#xCCC;&#xCB5;&#xCA8;&#xCA6; &#xCAD;&#xCBE;&#xCB5;&#xCA8;&#xCC6;&#xC97;&#xCB3;&#xCA8;&#xCCD;&#xCA8;&#xCC1; &#xC86;&#xCB3;&#xCB5;&#xCBE;&#xC97;&#xCBF; &#xC9A;&#xCBF;&#xCA4;&#xCCD;&#xCB0;&#xCBF;&#xCB8;&#xCC1;&#xCA4;&#xCCD;&#xCA4;&#xCA6;&#xCC6;; &#xCAA;&#xCCD;&#xCB0;&#xCC7;&#xCAE;&#xCBF;&#xC97;&#xCB3; &#xCA8;&#xCA1;&#xCC1;&#xCB5;&#xCBF;&#xCA8; &#xCB8;&#xC82;&#xCAC;&#xC82;&#xCA7;&#xC97;&#xCB3; &#xCA4;&#xCBF;&#xCB0;&#xCC1;&#xCB5;&#xCC1;&#xC97;&#xCB3;&#xCC1;, &#xCA8;&#xCBF;&#xCB0;&#xCC0;&#xC95;&#xCCD;&#xCB7;&#xCC6;&#xC97;&#xCB3;&#xCC1;, &#xCA8;&#xCCB;&#xCB5;&#xCC1;&#xC97;&#xCB3;&#xCC1; &#xCAE;&#xCA4;&#xCCD;&#xCA4;&#xCC1; &#xC85;&#xCB5;&#xCC1;&#xC97;&#xCB3; &#xC95;&#xCBE;&#xCB0;&#xCA3;&#xC97;&#xCB3;&#xCA8;&#xCCD;&#xCA8;&#xCC1; &#xCB9;&#xCC1;&#xCA1;&#xCC1;&#xC95;&#xCC1;&#xCB5; &#xCAA;&#xCCD;&#xCB0;&#xCAF;&#xCA4;&#xCCD;&#xCA8;&#xCB5;&#xCA8;&#xCCD;&#xCA8;&#xCC1; &#xC88; &#xC95;&#xCA5;&#xCC6; &#xCB9;&#xCC7;&#xCB3;&#xCC1;&#xCA4;&#xCCD;&#xCA4;&#xCA6;&#xCC6;, &#xC93;&#xCA6;&#xCC1;&#xC97;&#xCB0;&#xCB2;&#xCCD;&#xCB2;&#xCBF; &#xC86;&#xCB3;&#xCB5;&#xCBE;&#xCA6; &#xCAA;&#xCB0;&#xCBF;&#xCA3;&#xCBE;&#xCAE; &#xCAC;&#xCC0;&#xCB0;&#xCC1;&#xCA4;&#xCCD;&#xCA4;&#xCA6;&#xCC6; &#xCAE;&#xCA4;&#xCCD;&#xCA4;&#xCC1; &#xCB9;&#xCB2;&#xCB5;&#xCC1; &#xCAF;&#xCC1;&#xCB5;&#xC9C;&#xCA8;&#xCB0; &#xCAE;&#xCA8;&#xCB8;&#xCCD;&#xCB8;&#xCBF;&#xCA8;&#xCB2;&#xCCD;&#xCB2;&#xCBF; &#xCAA;&#xCCD;&#xCB0;&#xCB6;&#xCCD;&#xCA8;&#xCC6;&#xC97;&#xCB3;&#xCA8;&#xCCD;&#xCA8;&#xCC1; &#xCB9;&#xCC1;&#xC9F;&#xCCD;&#xC9F;&#xCC1;&#xCB9;&#xCBE;&#xC95;&#xCC1;&#xCA4;&#xCCD;&#xCA4;&#xCA6;&#xCC6;</subfield>
  </datafield>
  <datafield tag="650" ind1=" " ind2=" ">
    <subfield code="a">Fiction</subfield>
    <subfield code="9">251326</subfield>
  </datafield>
  <datafield tag="650" ind1=" " ind2=" ">
    <subfield code="a">A passionate love story, it depicts the struggle of the protagonist Himwant to maintain his love, as well as the betrayal and ups and downs of trust in love.</subfield>
    <subfield code="9">251406</subfield>
  </datafield>
  <datafield tag="942" ind1=" " ind2=" ">
    <subfield code="2">ddc</subfield>
    <subfield code="c">BK</subfield>
  </datafield>
  <datafield tag="999" ind1=" " ind2=" ">
    <subfield code="c">240753</subfield>
    <subfield code="d">240753</subfield>
  </datafield>
  <datafield tag="952" ind1=" " ind2=" ">
    <subfield code="0">0</subfield>
    <subfield code="1">0</subfield>
    <subfield code="2">ddc</subfield>
    <subfield code="4">0</subfield>
    <subfield code="7">0</subfield>
    <subfield code="8">KAN</subfield>
    <subfield code="a">AL</subfield>
    <subfield code="b">AL</subfield>
    <subfield code="c">SK</subfield>
    <subfield code="d">2026-01-14</subfield>
    <subfield code="e">Navakarnataka Publications Pvt Ltd Mangaluru-575001</subfield>
    <subfield code="g">280.00</subfield>
    <subfield code="l">7</subfield>
    <subfield code="m">2</subfield>
    <subfield code="o">K894.3 RAVH</subfield>
    <subfield code="p">078039</subfield>
    <subfield code="q">2026-08-17</subfield>
    <subfield code="r">2026-04-17 12:43:35</subfield>
    <subfield code="s">2026-04-17</subfield>
    <subfield code="v">350.00</subfield>
    <subfield code="w">2026-01-13</subfield>
    <subfield code="y">BK</subfield>
  </datafield>
</record>
